000 00551nam a2200181Ia 4500
999 _c32619
_d32619
003 OSt
005 20201014111405.0
008 190216s9999||||xx |||||||||||||| ||und||
020 _a9788178794129
040 _coclc
082 _a617.1027
_bSHE/E
100 _aSheokand, Daisy
_95702
245 0 _aEncyclopaedia Of Sports Injuries And Medicine /
_cDaisy Sheokand
260 _bSports Publication,
_c2007.
_aNew Delhi:
300 _a321p
650 _aPhysical Education
942 _cBK
_2ddc
_h617.1027
_iSHE/E
_k617.1027
_mSHE/E